000 00364nam a2200121Ia 4500
008 240731s9999 xx 000 0 und d
022 _a1478-1166
245 0 _aGlobal Change, Peace & Security : formerly Pacifica Review: Peace, Security & Global Change
260 _bRoutledge
856 _uhttps://www.tandfonline.com/loi/cpar20
942 _2ddc
942 _cTFEJ
999 _c76742
_d76742
945 _a1
_bMadushi Gamage
_c1
_dMadushi Gamage